Minor Civil Divisions (Towns) of New York With a Map - Statistics

General Stats
  • This quiz has been taken 1,672 times
  • The average score is 131 of 1014
Answers on the Map
Answers color-coded by a green-red scale on the quiz's map according to % correct below.
 
Answer Stats
County MCD % Correct
Queens Queens
90%
Bronx Bronx
89%
New York Manhattan
89%
Albany Albany
87%
Richmond Staten Island
87%
Kings Brooklyn
86%
Erie Buffalo
85%
Monroe | Ulster Rochester
77%
Niagara Niagara
75%
Niagara Niagara Falls
75%
Onondaga Syracuse
75%
Westchester Yonkers
73%
Oneida Utica
66%
Tompkins Ithaca
62%
Schenectady Schenectady
62%
Dutchess Washington
62%
Saratoga Saratoga
61%
Broome Binghamton
59%
Orange Monroe
58%
Oswego Oswego
58%
Schoharie Jefferson
57%
Madison Madison
55%
Clinton | Dutchess Clinton
54%
Cortland Cortland
54%
Madison Hamilton
54%
Schuyler Orange
54%
Oneida Rome
53%
Ontario Seneca
53%
Rensselaer Troy
53%
Westchester White Plains
53%
Delaware | Franklin Franklin
52%
Westchester New Rochelle
52%
Wayne Ontario
52%
Madison Oneida
51%
Dutchess Poughkeepsie
51%
Suffolk Southampton
50%
Oswego | Schoharie Fulton
49%
Essex | Lewis Lewis
49%
Washington Putnam
49%
Essex Essex
47%
Nassau Hempstead
46%
Herkimer Herkimer
46%
Columbia Hudson
46%
Livingston York
46%
Jefferson Adams
45%
Rensselaer Nassau
45%
Sullivan Delaware
44%
Rensselaer Rensselaer
44%
Ulster Ulster
44%
Westchester Mount Vernon
43%
Herkimer Warren
43%
Herkimer Columbia
42%
Ulster Kingston
42%
Orange Montgomery
42%
Otsego Otsego
42%
Steuben Wayne
42%
Orange | Warren Chester
41%
Washington Hampton
41%
Madison Lincoln
41%
Onondaga Onondaga
41%
Clinton Plattsburgh
41%
Madison Sullivan
41%
Tioga Tioga
41%
Orleans Yates
41%
Chemung Elmira
40%
Allegany Genesee
40%
Chautauqua Jamestown
40%
Sullivan Rockland
40%
Oneida Steuben
40%
Jefferson Watertown
40%
Chemung Chemung
39%
Broome Chenango
39%
Suffolk East Hampton
39%
Chenango Greene
39%
Columbia Livingston
39%
Herkimer Schuyler
39%
Jefferson Orleans
38%
Westchester Rye
38%
Saratoga Saratoga Springs
38%
Montgomery Amsterdam
37%
Schoharie Broome
37%
Washington Jackson
37%
Fulton Northampton
37%
Schoharie Schoharie
37%
Delaware Tompkins
37%
Cattaraugus Allegany
36%
Chautauqua Chautauqua
36%
Montgomery Glen
36%
Westchester Harrison
36%
Orange Newburgh
35%
Ontario Richmond
35%
Cattaraugus | Chautauqua | Erie Cattaraugus
34%
Nassau Oyster Bay
34%
Oneida Paris
32%
St. Lawrence Lawrence
31%
Ontario Manchester
31%
Delaware | Orange Middletown
31%
Greene Athens
30%
Steuben Corning
30%
Chenango Columbus
29%
Suffolk Islip
29%
Erie Lancaster
29%
Otsego Springfield
29%
Oneida Lee
28%
Broome Union
28%
Livingston Geneseo
27%
Ontario | Seneca Geneva
27%
Erie Hamburg
27%
Schenectady Rotterdam
27%
Essex Ticonderoga
27%
Rensselaer Berlin
26%
Ulster New Paltz
26%
Westchester Peekskill
26%
Nassau Long Beach
25%
Montgomery Mohawk
25%
Orange Port Jervis
25%
Onondaga Van Buren
25%
Westchester Yorktown
25%
Westchester Bedford
24%
Ontario Bristol
24%
Suffolk Brookhaven
24%
Washington Cambridge
24%
Greene Catskill
24%
Dutchess Dover
24%
Westchester Eastchester
24%
Suffolk Huntington
24%
Warren Lake George
24%
Orange Warwick
24%
Ulster Woodstock
24%
Erie Amherst
23%
Dutchess Beacon
23%
Franklin | Monroe Brighton
23%
Clinton Champlain
23%
Erie Eden
23%
Delaware Hancock
23%
Niagara Lewiston
23%
St. Lawrence Norfolk
23%
Rockland Ramapo
23%
Washington Salem
23%
Erie | Genesee | Niagara Tonawanda
23%
Otsego Worcester
23%
Cayuga Auburn
22%
Suffolk Babylon
22%
Erie Boston
22%
Dutchess Fishkill
22%
Fulton Johnstown
22%
Otsego Morris
22%
Ontario Naples
22%
Westchester New Castle
22%
Chenango Oxford
22%
Suffolk Riverhead
22%
Orange Woodbury
22%
Otsego Burlington
21%
Columbia Canaan
21%
Orange Cornwall
21%
Warren Glens Falls
21%
Putnam Kent
21%
Niagara Lockport
21%
Dutchess Milan
21%
Otsego Oneonta
21%
Chenango Plymouth
21%
Westchester Scarsdale
21%
Westchester Somers
21%
Monroe Greece
20%
Greene | Orange Greenville
20%
Washington Hartford
20%
Sullivan Highland
20%
Westchester Mount Pleasant
20%
Chenango Norwich
20%
Chautauqua Portland
20%
Seneca Seneca Falls
20%
Jefferson Alexandria
19%
Genesee Batavia
19%
Erie Concord
19%
Nassau Glen Cove
19%
Washington Greenwich
19%
Rockland Haverstraw
19%
Wayne Huron
19%
Dutchess Hyde Park
19%
St. Lawrence Madrid
19%
Nassau North Hempstead
19%
Westchester Pelham
19%
Suffolk Smithtown
19%
Orange Tuxedo
19%
Wyoming Warsaw
19%
Monroe Webster
19%
Broome Windsor
19%
Steuben Bath
18%
St. Lawrence Canton
18%
Chautauqua Dunkirk
18%
Saratoga Edinburg
18%
Madison Georgetown
18%
Monroe Irondequoit
18%
Sullivan Liberty
18%
Westchester Mamaroneck
18%
Westchester Ossining
18%
St. Lawrence Potsdam
18%
Cortland Taylor
18%
Essex Chesterfield
17%
Rockland Clarkstown
17%
Onondaga Clay
17%
St. Lawrence Clifton
17%
Oswego Hastings
17%
Yates Middlesex
17%
Herkimer Newport
17%
Monroe Ogden
17%
Rockland Stony Point
17%
Allegany Allen
16%
Albany Bethlehem
16%
Montgomery Charleston
16%
Albany Cohoes
16%
Montgomery Florida
16%
Herkimer Frankfort
16%
Erie Grand Island
16%
Erie Lackawanna
16%
Onondaga LaFayette
16%
Greene Lexington
16%
Saratoga Milton
16%
Niagara North Tonawanda
16%
Cattaraugus Olean
16%
Erie Orchard Park
16%
Cayuga Venice
16%
Ontario Victor
16%
Saratoga Waterford
16%
Niagara Wilson
16%
Allegany Belfast
15%
Sullivan Bethel
15%
Ontario Canandaigua
15%
Erie Cheektowaga
15%
Albany Colonie
15%
Seneca Fayette
15%
Livingston Leicester
15%
St. Lawrence Lisbon
15%
St. Lawrence Ogdensburg
15%
Rockland Orangetown
15%
Putnam Patterson
15%
Greene Cairo
14%
St. Lawrence Clare
14%
Westchester Cortlandt
14%
Greene Durham
14%
Oneida Florence
14%
Monroe Gates
14%
Cayuga Genoa
14%
Chenango German
14%
Fulton Gloversville
14%
Orange Goshen
14%
Chautauqua Hanover
14%
Monroe Henrietta
14%
Chemung Horseheads
14%
St. Lawrence Massena
14%
Oswego Mexico
14%
Westchester Mount Kisco
14%
Oswego New Haven
14%
Schuyler Reading
14%
Dutchess Rhinebeck
14%
Clinton Saranac
14%
Ulster Saugerties
14%
Niagara Somerset
14%
Livingston Sparta
14%
Oneida Vernon
14%
Erie Aurora
13%
Livingston Avon
13%
Chemung Baldwin
13%
Saratoga Ballston
13%
Columbia Chatham
13%
Washington Easton
13%
Herkimer Fairfield
13%
Herkimer Ohio
13%
Saratoga Providence
13%
Suffolk Shelter Island
13%
Oneida Trenton
13%
Lewis Turin
13%
Oneida Verona
13%
Oneida Vienna
13%
Dutchess Wappinger
13%
Chautauqua Westfield
13%
Allegany Amity
12%
Chemung | Greene Ashland
12%
Franklin Bellmont
12%
Rensselaer Brunswick
12%
Oneida Camden
12%
Putnam Carmel
12%
Saratoga Day
12%
Onondaga De Witt
12%
Lewis Harrisburg
12%
Erie Holland
12%
Essex Jay
12%
Cattaraugus Mansfield
12%
Otsego Milford
12%
Tioga Owego
12%
Wyoming Perry
12%
Clinton Peru
12%
Monroe Pittsford
12%
Chautauqua Poland
12%
Cattaraugus Salamanca
12%
Chautauqua Sherman
12%
Suffolk Southold
12%
Cayuga Sterling
12%
Monroe Sweden
12%
Broome Vestal
12%
Albany Watervliet
12%
Wayne Williamson
12%
Oswego Williamstown
12%
Allegany Andover
11%
Jefferson Antwerp
11%
Oneida Augusta
11%
Genesee Bergen
11%
Steuben Bradford
11%
Chautauqua Charlotte
11%
Delaware Delhi
11%
Monroe East Rochester
11%
Westchester Greenburgh
11%
Warren Hague
11%
Columbia Kinderhook
11%
Albany Knox
11%
Madison Lebanon
11%
Saratoga Malta
11%
Ulster Marlborough
11%
St. Lawrence Morristown
11%
Wayne Palmyra
11%
Warren Queensbury
11%
Dutchess Red Hook
11%
Oswego Richland
11%
Wayne Rose
11%
Monroe Rush
11%
Herkimer Salisbury
11%
Delaware Stamford
11%
Sullivan Thompson
11%
Erie Wales
11%
Hamilton Wells
11%
Erie West Seneca
11%
Genesee Alexander
10%
Wyoming Attica
10%
Tioga Berkshire
10%
Monroe Chili
10%
Jefferson Clayton
10%
Saratoga Clifton Park
10%
Delaware Colchester
10%
Cattaraugus Coldspring
10%
Greene Coxsackie
10%
Cattaraugus Dayton
10%
Rensselaer East Greenbush
10%
Columbia Greenport
10%
Greene Hunter
10%
Herkimer Little Falls
10%
St. Lawrence Louisville
10%
Wayne Lyons
10%
Broome Maine
10%
Franklin Malone
10%
Orange New Windsor
10%
Westchester North Salem
10%
Dutchess Pawling
10%
Jefferson Philadelphia
10%
Niagara Porter
10%
Putnam Southeast
10%
Orange Wallkill
10%
Seneca Waterloo
10%
Essex Westport
10%
Essex Wilmington
10%
Orleans | Oswego Albion
9%
Onondaga Cicero
9%
Schoharie Cobleskill
9%
Orange Crawford
9%
Essex Elizabethtown
9%
Erie Evans
9%
Ontario Farmington
9%
Columbia Germantown
9%
Hamilton Hope
9%
Tompkins Lansing
9%
Wayne Marion
9%
Oneida New Hartford
9%
Westchester North Castle
9%
Herkimer Norway
9%
Oswego Palermo
9%
Monroe Penfield
9%
Westchester Pound Ridge
9%
Putnam Putnam Valley
9%
Monroe Riga
9%
Cortland Scott
9%
Chautauqua Sheridan
9%
Genesee Stafford
9%
Dutchess Stanford
9%
St. Lawrence Stockholm
9%
Fulton Stratford
9%
Saratoga Wilton
9%
Greene Windham
9%
Allegany Alfred
8%
Franklin Bangor
8%
Orleans Barre
8%
Wyoming Bennington
8%
Yates Benton
8%
Warren Bolton
8%
Fulton Broadalbin
8%
Schoharie Carlisle
8%
Erie Clarence
8%
Monroe Clarkson
8%
Saratoga Corinth
8%
Allegany Cuba
8%
Steuben Dansville
8%
Genesee Darien
8%
Lewis Denmark
8%
Washington Dresden
8%
Genesee Elba
8%
Otsego Exeter
8%
Cattaraugus Freedom
8%
Columbia Ghent
8%
Saratoga Greenfield
8%
Albany Guilderland
8%
Orange Highlands
8%
Cortland Homer
8%
Steuben Hornell
8%
Allegany Independence
8%
Yates Italy
8%
Yates Jerusalem
8%
Essex Keene
8%
Westchester Lewisboro
8%
Livingston Lima
8%
Onondaga Manlius
8%
Oneida Marcy
8%
Monroe Mendon
8%
Greene New Baltimore
8%
Schenectady Niskayuna
8%
Orange Palm Tree
8%
Monroe Parma
8%
Fulton Perth
8%
Putnam Philipstown
8%
Wyoming Pike
8%
Otsego Pittsfield
8%
Cattaraugus Randolph
8%
Chautauqua Ripley
8%
Herkimer Russia
8%
Wayne Sodus
8%
Chemung Southport
8%
Franklin Tupper Lake
8%
Steuben Tuscarora
8%
Washington Whitehall
8%
Cattaraugus Yorkshire
8%
Dutchess Beekman
7%
Hamilton Benson
7%
Albany Berne
7%
Madison Brookfield
7%
Livingston Caledonia
7%
Allegany Clarksville
7%
Albany Coeymans
7%
Chenango Coventry
7%
Orange Deerpark
7%
Delaware Deposit
7%
Dutchess East Fishkill
7%
Steuben | Sullivan Fremont
7%
Saratoga Galway
7%
Schenectady Glenville
7%
Rensselaer Grafton
7%
Albany Green Island
7%
Tompkins Groton
7%
Saratoga Halfmoon
7%
Monroe Hamlin
7%
St. Lawrence Hammond
7%
Jefferson Henderson
7%
Ontario Hopewell
7%
Hamilton Indian Lake
7%
Steuben Jasper
7%
Genesee Le Roy
7%
Lewis Lowville
7%
Wayne Macedon
7%
Oneida Marshall
7%
Saratoga Mechanicville
7%
Livingston Mount Morris
7%
Madison Nelson
7%
Albany New Scotland
7%
Essex North Elba
7%
Rensselaer North Greenbush
7%
Saratoga Northumberland
7%
Livingston Portage
7%
Yates Potter
7%
Delaware Roxbury
7%
Jefferson Rutland
7%
Rensselaer Schodack
7%
Delaware Sidney
7%
Onondaga Skaneateles
7%
Tioga Spencer
7%
Delaware Walton
7%
Franklin Waverly
7%
Ulster Wawarsing
7%
Oneida Westmoreland
7%
Niagara Wheatfield
7%
Steuben Addison
6%
Erie Alden
6%
Dutchess Amenia
6%
Clinton Au Sable
6%
Chemung Big Flats
6%
Onondaga Camillus
6%
Montgomery Canajoharie
6%
Chautauqua Carroll
6%
Cattaraugus Carrollton
6%
Madison Cazenovia
6%
Clinton Chazy
6%
Columbia Clermont
6%
Erie Collins
6%
Broome Conklin
6%
Clinton Dannemora
6%
St. Lawrence De Kalb
6%
Tompkins Dryden
6%
Wyoming Eagle
6%
Madison Eaton
6%
St. Lawrence Edwards
6%
Washington Fort Ann
6%
Washington Fort Edward
6%
Cortland Freetown
6%
Steuben Greenwood
6%
Allegany Grove
6%
Delaware Hamden
6%
Oswego Hannibal
6%
Columbia Hillsdale
6%
Steuben Howard
6%
Ulster Hurley
6%
Livingston Livonia
6%
Ulster Lloyd
6%
Hamilton Long Lake
6%
Lewis Martinsburg
6%
Fulton Mayfield
6%
Wyoming Middlebury
6%
Orange Minisink
6%
Chenango New Berlin
6%
Genesee Pembroke
6%
Otsego Plainfield
6%
Dutchess Pleasant Valley
6%
Chenango Preston
6%
Schenectady Princetown
6%
Schoharie Sharon
6%
Madison Smithfield
6%
Columbia Stockport
6%
Chautauqua Stockton
6%
Columbia Stuyvesant
6%
Onondaga Tully
6%
Warren Warrensburg
6%
Allegany Wellsville
6%
Genesee Alabama
5%
Allegany Almond
5%
Delaware Andes
5%
Wyoming Arcade
5%
Wayne Arcadia
5%
Cattaraugus Ashford
5%
Columbia Austerlitz
5%
Steuben Avoca
5%
Tioga Barton
5%
Clinton Beekmantown
5%
Genesee Bethany
5%
Orange Blooming Grove
5%
Oneida Boonville
5%
Erie Brant
5%
Oneida Bridgewater
5%
Allegany Burns
5%
Wayne Butler
5%
Genesee Byron
5%
Sullivan Callicoon
5%
Niagara Cambria
5%
Steuben Campbell
5%
Jefferson Cape Vincent
5%
Cayuga Cato
5%
Allegany Centerville
5%
Franklin Chateaugay
5%
Columbia Claverack
5%
St. Lawrence Colton
5%
Oneida Deerfield
5%
Broome | Franklin Dickinson
5%
Schuyler Dix
5%
Franklin Duane
5%
Schenectady Duanesburg
5%
Chautauqua Ellicott
5%
Erie Elma
5%
Tompkins Enfield
5%
Ulster Esopus
5%
Sullivan Fallsburg
5%
Oneida Floyd
5%
Cattaraugus Franklinville
5%
Allegany Friendship
5%
Orleans Gaines
5%
Ulster Gardiner
5%
Oswego Granby
5%
Washington Granville
5%
Rensselaer Hoosick
5%
Orleans Kendall
5%
Washington Kingsbury
5%
Dutchess LaGrange
5%
Herkimer Litchfield
5%
Jefferson Lyme
5%
Cortland Marathon
5%
Otsego Maryland
5%
Clinton Mooers
5%
Orange Mount Hope
5%
Essex Newcomb
5%
Tompkins Newfield
5%
Columbia New Lebanon
5%
Dutchess North East
5%
Livingston Nunda
5%
Genesee Oakfield
5%
Ulster Olive
5%
Otsego Otego
5%
Cattaraugus Otto
5%
Seneca Ovid
5%
Niagara Pendleton
5%
Monroe Perinton
5%
Rensselaer Petersburgh
5%
Dutchess Pine Plains
5%
Ulster Plattekill
5%
Albany Rensselaerville
5%
Otsego Richfield
5%
Onondaga Salina
5%
Broome Sanford
5%
Rensselaer Schaghticoke
5%
Essex Schroon
5%
Orleans Shelby
5%
Suffolk Shinnecock
5%
Chenango Smyrna
5%
Saratoga Stillwater
5%
Schoharie Summit
5%
Allegany Ward
5%
Herkimer Webb
5%
Albany Westerlo
5%
Wayne Wolcott
5%
Jefferson Worth
5%
Schoharie Wright
5%
Chenango Afton
4%
Allegany Alma
4%
Clinton Altona
4%
Chenango Bainbridge
4%
Yates Barrington
4%
Franklin Bombay
4%
Franklin Brandon
4%
Jefferson Brownville
4%
Orleans Carlton
4%
Tompkins Caroline
4%
Wyoming Castile
4%
Saratoga Charlton
4%
Orleans Clarendon
4%
Sullivan Cochecton
4%
Steuben Cohocton
4%
Cortland Cortlandville
4%
Wyoming Covington
4%
Otsego Decatur
4%
Onondaga Elbridge
4%
Cattaraugus Ellicottville
4%
Cayuga Fleming
4%
Franklin Fort Covington
4%
Chautauqua Gerry
4%
St. Lawrence Gouverneur
4%
Chenango Guilford
4%
Orange Hamptonburgh
4%
Ulster Hardenburgh
4%
Chautauqua Harmony
4%
Niagara Hartland
4%
Otsego Hartwick
4%
Washington Hebron
4%
Schuyler Hector
4%
Hamilton Inlet
4%
Wyoming Java
4%
Greene Jewett
4%
Hamilton Lake Pleasant
4%
Cattaraugus Little Valley
4%
Seneca Lodi
4%
Onondaga Lysander
4%
Onondaga Marcellus
4%
Schoharie Middleburgh
4%
Otsego Middlefield
4%
Essex Minerva
4%
Lewis Montague
4%
Cayuga Montezuma
4%
Schuyler Montour
4%
Cayuga Moravia
4%
Saratoga Moreau
4%
Orleans Murray
4%
Sullivan Neversink
4%
Niagara Newfane
4%
Erie Newstead
4%
Tioga Nichols
4%
Essex North Hudson
4%
Wyoming Orangeville
4%
Montgomery Palatine
4%
Rensselaer Pittstown
4%
Chautauqua Pomfret
4%
Onondaga Pompey
4%
Cortland Preble
4%
Cattaraugus Red House
4%
Oneida Remsen
4%
Seneca Romulus
4%
Ulster Rosendale
4%
St. Lawrence Russell
4%
Rensselaer Sand Lake
4%
Erie Sardinia
4%
Wayne Savannah
4%
Schoharie Seward
4%
Ulster Shandaken
4%
Ulster Shawangunk
4%
Chenango Sherburne
4%
Chenango Smithville
4%
Herkimer Stark
4%
Rensselaer Stephentown
4%
Broome Triangle
4%
Tompkins Ulysses
4%
Otsego Unadilla
4%
Cayuga Victory
4%
Lewis Watson
4%
Orange Wawayanda
4%
Steuben Wayland
4%
Otsego Westford
4%
Franklin Westville
4%
Monroe Wheatland
4%
Herkimer Winfield
4%
Oswego Amboy
3%
Columbia Ancram
3%
Allegany Angelica
3%
Oneida Annsville
3%
Hamilton Arietta
3%
Oneida Ava
3%
Broome Barker
3%
Clinton Black Brook
3%
Fulton Bleecker
3%
Schoharie Blenheim
3%
Delaware Bovina
3%
Franklin Burke
3%
Steuben Canisteo
3%
Fulton Caroga
3%
Otsego Cherry Valley
3%
Cortland Cincinnatus
3%
Chautauqua Clymer
3%
Erie Colden
3%
Livingston Conesus
3%
Franklin Constable
3%
Oswego Constantia
3%
Columbia Copake
3%
Essex Crown Point
3%
Delaware Davenport
3%
Ulster Denning
3%
Madison DeRuyter
3%
Ontario East Bloomfield
3%
Clinton Ellenburg
3%
Chautauqua Ellington
3%
Jefferson Ellisburg
3%
Chemung Erin
3%
Steuben Erwin
3%
Schoharie Esperance
3%
Onondaga Fabius
3%
Broome Fenton
3%
St. Lawrence Fine
3%
Sullivan Forestburgh
3%
Oneida Forestport
3%
Chautauqua French Creek
3%
Wyoming Gainesville
3%
Columbia Gallatin
3%
Onondaga Geddes
3%
Wyoming Genesee Falls
3%
Ontario Gorham
3%
Cattaraugus Great Valley
3%
Livingston Groveland
3%
Saratoga Hadley
3%
Greene Halcott
3%
Cortland Harford
3%
St. Lawrence Hermon
3%
Cattaraugus Hinsdale
3%
St. Lawrence Hopkinton
3%
Warren Horicon
3%
Cayuga Ira
3%
Warren Johnsburg
3%
Oneida Kirkland
3%
Broome Kirkwood
3%
Warren Lake Luzerne
3%
Madison Lenox
3%
Cattaraugus Leon
3%
Jefferson Le Ray
3%
Broome Lisle
3%
Cayuga Locke
3%
Jefferson Lorraine
3%
Sullivan Lumberland
3%
Cattaraugus Lyndon
3%
Cattaraugus Machias
3%
Sullivan Mamakating
3%
Ulster Marbletown
3%
Erie Marilla
3%
Delaware Masonville
3%
Oswego Minetto
3%
Hamilton Morehouse
3%
Essex Moriah
3%
Cattaraugus Napoli
3%
Tioga Newark Valley
3%
Erie North Collins
3%
Allegany | Cattaraugus Oil Springs
3%
Fulton Oppenheim
3%
Lewis Osceola
3%
St. Lawrence Oswegatchie
3%
Onondaga Otisco
3%
Cayuga Owasco
3%
Oswego Parish
3%
Genesee Pavilion
3%
Cattaraugus Persia
3%
Ontario Phelps
3%
Rensselaer Poestenkill
3%
Cattaraugus Portville
3%
Steuben Prattsburgh
3%
Greene Prattsville
3%
Oswego Redfield
3%
Tioga Richford
3%
Schoharie Richmondville
3%
Orleans Ridgeway
3%
Niagara Royalton
3%
Oswego Sandy Creek
3%
Franklin Santa Clara
3%
Clinton Schuyler Falls
3%
Allegany Scio
3%
Cayuga Scipio
3%
Oswego Scriba
3%
Wyoming Sheldon
3%
Livingston Springwater
3%
Montgomery St. Johnsville
3%
Madison Stockbridge
3%
Columbia Taghkanic
3%
Jefferson Theresa
3%
Seneca Tyre
3%
Schuyler Tyrone
3%
Dutchess Union Vale
3%
Cortland Virgil
3%
Oswego Volney
3%
St. Lawrence Waddington
3%
Wayne Walworth
3%
Allegany West Almond
3%
Ontario West Bloomfield
3%
Oneida Western
3%
Livingston West Sparta
3%
Washington White Creek
3%
Oneida Whitestown
3%
Essex Willsboro
3%
Washington Argyle
2%
Cayuga Aurelius
2%
Allegany Bolivar
2%
Oswego Boylston
2%
St. Lawrence Brasher
2%
Cayuga Brutus
2%
Chautauqua Busti
2%
Otsego Butternuts
2%
Steuben Cameron
2%
Ontario Canadice
2%
Tioga Candor
2%
Schuyler Catharine
2%
Chemung Catlin
2%
Schuyler Cayuta
2%
Jefferson Champion
2%
Chautauqua Cherry Creek
2%
Broome Colesville
2%
Schoharie Conesville
2%
Cayuga Conquest
2%
Seneca Covert
2%
Lewis Croghan
2%
Cortland Cuyler
2%
Tompkins Danby
2%
Herkimer Danube
2%
St. Lawrence De Peyster
2%
Lewis Diana
2%
Cattaraugus East Otto
2%
Otsego Edmeston
2%
Fulton Ephratah
2%
Cattaraugus Farmersville
2%
Herkimer German Flatts
2%
Schoharie Gilboa
2%
Allegany Granger
2%
Lewis Greig
2%
Delaware Harpersfield
2%
Franklin Harrietstown
2%
Allegany Hume
2%
Cattaraugus Humphrey
2%
Cattaraugus Ischua
2%
Seneca Junius
2%
Chautauqua Kiantone
2%
Delaware Kortright
2%
Otsego Laurens
2%
Cayuga Ledyard
2%
Lewis Leyden
2%
Lewis Lyonsdale
2%
St. Lawrence Macomb
2%
Herkimer Manheim
2%
Delaware Meredith
2%
Chautauqua Mina
2%
Montgomery Minden
2%
Franklin Moira
2%
Broome Nanticoke
2%
Cattaraugus New Albion
2%
Lewis New Bremen
2%
Allegany New Hudson
2%
Otsego New Lisbon
2%
Cayuga Niles
2%
Livingston North Dansville
2%
Chenango North Norwich
2%
Oswego Orwell
2%
Livingston Ossian
2%
Chenango Otselic
2%
Jefferson Pamelia
2%
Cattaraugus Perrysburg
2%
St. Lawrence Piercefield
2%
St. Lawrence Pitcairn
2%
Suffolk Poospatuck
2%
Jefferson Rodman
2%
Montgomery Root
2%
St. Lawrence Rossie
2%
Allegany Rushford
2%
Oneida Sangerfield
2%
Oswego Schroeppel
2%
Cayuga Sennett
2%
Cortland Solon
2%
Ontario South Bristol
2%
Cattaraugus South Valley
2%
Onondaga Spafford
2%
Cayuga Springport
2%
Essex St. Armand
2%
Warren Stony Creek
2%
Cayuga Summerhill
2%
Cayuga Throop
2%
Warren Thurman
2%
Steuben Thurston
2%
Steuben Troupsburg
2%
Cortland Truxton
2%
Sullivan Tusten
2%
Chemung Van Etten
2%
Seneca Varick
2%
Chemung Veteran
2%
Oswego West Monroe
2%
Lewis West Turin
2%
Wyoming Wethersfield
2%
Steuben Wheeler
2%
Allegany Willing
2%
Jefferson Wilna
2%
Allegany Wirt
2%
Chautauqua Arkwright
1%
Allegany Birdsall
1%
Allegany Caneadea
1%
Steuben Caton
1%
Chautauqua Chautauqua Lake
1%
Cattaraugus Conewango
1%
Chautauqua Ellery
1%
Madison Fenner
1%
St. Lawrence Fowler
1%
Wayne Galen
1%
Steuben Hartsville
1%
Steuben Hornby
1%
Steuben Hornellsville
1%
Jefferson Hounsfield
1%
Cortland Lapeer
1%
Chenango Lincklaen
1%
Steuben Lindley
1%
Chenango McDonough
1%
Cayuga Mentz
1%
Yates Milo
1%
Chautauqua North Harmony
1%
Onondaga Onondaga Nation
1%
St. Lawrence Parishville
1%
Chenango Pharsalia
1%
St. Lawrence Pierrepont
1%
Lewis Pinckney
1%
Chenango Pitcher
1%
Steuben Pulteney
1%
Steuben Rathbone
1%
Otsego Roseboom
1%
Cayuga Sempronius
1%
Yates Starkey
1%
Franklin St. Regis Mohawk
1%
Yates Torrey
1%
Niagara Tuscarora Nation
1%
Steuben Urbana
1%
Chautauqua Villenova
1%
Steuben West Union
1%
Cortland Willet
1%
Steuben Woodhull
1%
No matching quizzes found
Score Distribution
Percent of People with Each Score
Percentile by Number Answered
Your Score History
You have not taken this quiz